[Event "WCO2014"]
[Site "Tromso"]
[Date "2014.08.12"]
[Round "10.1"]
[WhiteID "13701525"]
[White "Ismagambetov Anuar"]
[BlackID "2205530"]
[Black "Vallejo Pons Francisco"]
[Result "0-1"]
[LiveChessVersion "1.4.3"]
[BlackElo "2698"]
[WhiteElo "2531"]

1. e4 {[%clk 1:30:50]} e6 {[%clk 1:30:49]} 2. d4 {[%clk 1:30:49]} d5
{[%clk 1:31:13]} 3. Nc3 {[%clk 1:31:13]} Bb4 {[%clk 1:31:27]} 4. Nge2
{[%clk 1:28:56]} Nf6 {[%clk 1:29:11]} 5. e5 {[%clk 1:24:43]} Nfd7
{[%clk 1:28:15]} 6. a3 {[%clk 1:24:19]} Be7 {[%clk 1:27:49]} 7. f4
{[%clk 1:17:48]} c5 {[%clk 1:27:48]} 8. Be3 {[%clk 1:18:01]} Nc6 {[%clk 1:28:00]}
9. dxc5 {[%clk 1:14:49]} Bxc5 {[%clk 1:16:56]} 10. Bxc5 {[%clk 1:13:37]} Nxc5
{[%clk 1:17:08]} 11. Nd4 {[%clk 1:08:51]} O-O {[%clk 1:16:03]} 12. b4
{[%clk 1:04:54]} Nd7 {[%clk 1:12:54]} 13. g3 {[%clk 1:00:59]} Qb6
{[%clk 1:02:55]} 14. Nce2 {[%clk 0:57:19]} f6 {[%clk 0:56:22]} 15. Bg2
{[%clk 0:49:19]} Nxd4 {[%clk 0:45:52]} 16. Qxd4 {[%clk 0:47:29]} fxe5
{[%clk 0:43:18]} 17. fxe5 {[%clk 0:45:50]} Qxd4 {[%clk 0:37:15]} 18. Nxd4
{[%clk 0:46:16]} Nxe5 {[%clk 0:37:42]} 19. O-O-O {[%clk 0:44:48]} Nc4
{[%clk 0:26:53]} 20. Rhe1 {[%clk 0:44:11]} Rf2 {[%clk 0:24:25]} 21. Bf1
{[%clk 0:41:26]} Rxf1 {[%clk 0:23:24]} 22. Rxf1 {[%clk 0:41:53]} Ne3
{[%clk 0:23:49]} 23. Rfe1 {[%clk 0:38:55]} Nxd1 {[%clk 0:24:08]} 24. Kxd1
{[%clk 0:39:21]} Kf7 {[%clk 0:22:52]} 25. Nf3 {[%clk 0:38:34]} Bd7
{[%clk 0:16:36]} 26. Ng5+ {[%clk 0:36:20]} Ke7 {[%clk 0:15:23]} 27. Rf1
{[%clk 0:36:28]} h6 {[%clk 0:12:23]} 28. Rf7+ {[%clk 0:35:34]} Kd6
{[%clk 0:12:23]} 29. Nf3 {[%clk 0:34:44]} Rg8 {[%clk 0:12:15]} 30. g4
{[%clk 0:29:44]} e5 {[%clk 0:09:21]} 31. h3 {[%clk 0:29:24]} d4 {[%clk 0:08:31]}
32. Nh4 {[%clk 0:23:37]} Ke6 {[%clk 0:07:48]} 33. Rf5 {[%clk 0:23:26]} g6
{[%clk 0:07:30]} 34. Rf2 {[%clk 0:23:40]} Bc6 {[%clk 0:06:06]} 35. c3
{[%clk 0:20:37]} dxc3 {[%clk 0:04:24]} 36. Kc2 {[%clk 0:20:50]} Rc8
{[%clk 0:04:20]} 37. Kxc3 {[%clk 0:21:14]} Be4+ {[%clk 0:03:51]} 38. Kb3
{[%clk 0:17:53]} Rc1 {[%clk 0:03:32]} 39. Re2 {[%clk 0:16:28]} Rh1
{[%clk 0:02:56]} 40. Re3 {[%clk 0:16:54]} g5 {[%clk 0:02:40]} 41. Nf3
{[%clk 0:17:08]} Bxf3 {[%clk 0:02:14]} 42. Rxf3 {[%clk 0:17:36]} e4
{[%clk 0:02:38]} 43. Rf8 {[%clk 0:18:04]} Rxh3+ {[%clk 0:24:25]} 44. Kc4
{[%clk 0:49:24]} Rxa3 {[%clk 0:24:26]} 45. Re8+ {[%clk 0:48:29]} Kd6
{[%clk 0:24:08]} 46. Rxe4 {[%clk 0:48:52]} Rf3 {[%clk 0:24:05]} 47. Rd4+
{[%clk 0:48:51]} Kc7 {[%clk 0:21:55]} 48. Rd1 {[%clk 0:48:45]} Rf4+
{[%clk 0:21:48]} 49. Kc5 {[%clk 0:49:10]} Rxg4 {[%clk 0:20:47]} 50. Re1
{[%clk 0:49:36]} b6+ {[%clk 0:18:57]} 0-1

[Event "WCO2014"]
[Site "Tromso"]
[Date "2014.08.12"]
[Round "10.24"]
[WhiteID "1706446"]
[White "Tikkanen Hans"]
[BlackID "410608"]
[Black "Howell David W L"]
[Result "0-1"]
[LiveChessVersion "1.4.3"]
[BlackElo "2650"]
[WhiteElo "2559"]

1. d4 {[%clk 1:30:58]} Nf6 {[%clk 1:30:34]} 2. c4 {[%clk 1:31:24]} g6
{[%clk 1:30:46]} 3. Nf3 {[%clk 1:31:42]} Bg7 {[%clk 1:31:08]} 4. e3
{[%clk 1:32:05]} O-O {[%clk 1:27:51]} 5. Be2 {[%clk 1:32:32]} b6 {[%clk 1:16:14]}
6. O-O {[%clk 1:14:11]} Bb7 {[%clk 1:16:17]} 7. d5 {[%clk 1:02:28]} e6
{[%clk 1:10:02]} 8. Nc3 {[%clk 1:02:24]} exd5 {[%clk 1:10:24]} 9. cxd5
{[%clk 1:02:27]} Re8 {[%clk 1:10:48]} 10. Rb1 {[%clk 0:55:55]} c6
{[%clk 0:51:17]} 11. Bc4 {[%clk 0:34:57]} Na6 {[%clk 0:45:16]} 12. b4
{[%clk 0:31:56]} b5 {[%clk 0:32:16]} 13. Bb3 {[%clk 0:20:08]} Nxb4
{[%clk 0:30:16]} 14. e4 {[%clk 0:09:28]} Nfxd5 {[%clk 0:24:32]} 15. Nxd5
{[%clk 0:09:56]} cxd5 {[%clk 0:24:52]} 16. exd5 {[%clk 0:10:24]} a5
{[%clk 0:24:58]} 17. d6 {[%clk 0:10:12]} h6 {[%clk 0:17:23]} 18. Bb2
{[%clk 0:10:18]} Be4 {[%clk 0:15:03]} 19. Bxg7 {[%clk 0:10:37]} Kxg7
{[%clk 0:15:22]} 20. Rc1 {[%clk 0:07:05]} Qf6 {[%clk 0:15:30]} 21. Rc7
{[%clk 0:07:20]} a4 {[%clk 0:05:13]} 22. Bxf7 {[%clk 0:07:45]} Kxf7
{[%clk 0:05:39]} 23. Qd2 {[%clk 0:02:57]} Nd5 {[%clk 0:05:26]} 24. Rxd7+
{[%clk 0:00:49]} Kg8 {[%clk 0:02:27]} 25. Qxh6 {[%clk 0:01:06]} Qh8
{[%clk 0:02:27]} 26. Qd2 {[%clk 0:01:00]} Nf6 {[%clk 0:00:51]} 27. Rc7
{[%clk 0:01:24]} Bxf3 {[%clk 0:01:04]} 28. gxf3 {[%clk 0:01:52]} Qh5
{[%clk 0:00:38]} 29. Rfc1 {[%clk 0:00:52]} Rad8 {[%clk 0:00:47]} 30. Qf4
{[%clk 0:00:48]} Rf8 {[%clk 0:00:48]} 31. R1c5 {[%clk 0:00:59]} Qh3
{[%clk 0:00:35]} 32. Rg5 {[%clk 0:00:49]} Rd7 {[%clk 0:00:33]} 33. Rxg6+
{[%clk 0:01:10]} Kh7 {[%clk 0:01:02]} 34. Rg3 {[%clk 0:01:12]} Qh5
{[%clk 0:01:24]} 35. Rg5 {[%clk 0:00:37]} Qh6 {[%clk 0:00:33]} 36. Qf5+
{[%clk 0:01:03]} Kh8 {[%clk 0:00:56]} 37. Rg6 {[%clk 0:01:09]} Qxg6+
{[%clk 0:01:19]} 38. Qxg6 {[%clk 0:01:36]} Rg8 {[%clk 0:01:31]} 39. Rc8
{[%clk 0:02:05]} Rdg7 {[%clk 0:01:48]} 40. Qxg7+ {[%clk 0:01:36]} Kxg7
{[%clk 0:02:14]} 41. Rc7+ {[%clk 0:30:39]} Kf8+ {[%clk 0:30:18]} 42. Kf1
{[%clk 0:30:33]} Rg5 {[%clk 0:30:31]} 43. Rb7 {[%clk 0:25:41]} Ke8
{[%clk 0:26:54]} 44. Re7+ {[%clk 0:20:23]} Kd8 {[%clk 0:25:14]} 45. Rf7
{[%clk 0:19:03]} Ne8 {[%clk 0:24:49]} 46. d7 {[%clk 0:19:16]} Nd6
{[%clk 0:25:07]} 47. Rh7 {[%clk 0:19:44]} Re5 {[%clk 0:16:31]} 48. h4
{[%clk 0:19:19]} b4 {[%clk 0:15:52]} 49. f4 {[%clk 0:18:38]} Rb5 {[%clk 0:15:24]}
0-1

[Event "WCO2014"]
[Site "Tromso"]
[Date "2014.08.12"]
[Round "10.20"]
[WhiteID "2106981"]
[White "El Debs Felipe De Cresce"]
[BlackID "14901625"]
[Black "Petrik Tomas"]
[Result "1/2-1/2"]
[LiveChessVersion "1.4.3"]
[BlackElo "2487"]
[WhiteElo "2522"]

1. d4 {[%clk 1:30:52]} Nf6 {[%clk 1:30:40]} 2. c4 {[%clk 1:31:08]} e6
{[%clk 1:30:53]} 3. Nc3 {[%clk 1:31:25]} Bb4 {[%clk 1:30:32]} 4. e3
{[%clk 1:31:38]} O-O {[%clk 1:29:39]} 5. Nge2 {[%clk 1:31:50]} Re8
{[%clk 1:20:19]} 6. a3 {[%clk 1:29:55]} Bf8 {[%clk 1:20:32]} 7. Ng3
{[%clk 1:29:03]} d5 {[%clk 1:10:37]} 8. Be2 {[%clk 1:28:12]} c5 {[%clk 0:58:39]}
9. cxd5 {[%clk 1:22:19]} cxd4 {[%clk 0:53:59]} 10. exd4 {[%clk 1:22:16]} Nxd5
{[%clk 0:49:26]} 11. O-O {[%clk 1:22:19]} Nc6 {[%clk 0:46:37]} 12. Re1
{[%clk 1:18:15]} Nxc3 {[%clk 0:28:59]} 13. bxc3 {[%clk 1:18:36]} b6
{[%clk 0:29:24]} 14. Bd3 {[%clk 1:16:02]} Bb7 {[%clk 0:28:02]} 15. Ne4
{[%clk 1:15:04]} Ne7 {[%clk 0:16:24]} 16. Qh5 {[%clk 1:09:18]} Bxe4
{[%clk 0:15:59]} 17. Bxe4 {[%clk 1:09:01]} g6 {[%clk 0:16:22]} 18. Qf3
{[%clk 1:09:16]} Nd5 {[%clk 0:15:30]} 19. c4 {[%clk 1:05:19]} Rc8
{[%clk 0:15:30]} 20. Qb3 {[%clk 0:53:51]} Bg7 {[%clk 0:12:55]} 21. Rd1
{[%clk 0:39:32]} Ne7 {[%clk 0:12:20]} 22. Bg5 {[%clk 0:32:44]} Bxd4
{[%clk 0:06:21]} 23. Bf6 {[%clk 0:32:30]} Bxf6 {[%clk 0:06:41]} 24. Rxd8
{[%clk 0:32:50]} Rexd8 {[%clk 0:07:06]} 25. Rc1 {[%clk 0:29:01]} Rd4
{[%clk 0:06:44]} 26. Bf3 {[%clk 0:25:03]} Nf5 {[%clk 0:06:26]} 27. c5
{[%clk 0:21:46]} Rxc5 {[%clk 0:03:18]} 28. Rxc5 {[%clk 0:21:56]} bxc5
{[%clk 0:03:45]} 29. Qb8+ {[%clk 0:22:00]} Kg7 {[%clk 0:02:44]} 30. Qxa7
{[%clk 0:22:23]} c4 {[%clk 0:03:12]} 31. Kf1 {[%clk 0:21:21]} c3 {[%clk 0:03:35]}
32. Qc7 {[%clk 0:20:02]} Rd2 {[%clk 0:02:25]} 33. g4 {[%clk 0:18:11]} c2
{[%clk 0:00:36]} 34. Ke1 {[%clk 0:18:39]} Nd4 {[%clk 0:00:34]} 35. Kxd2
{[%clk 0:18:53]} Bg5+ {[%clk 0:00:39]} 36. Kd3 {[%clk 0:19:15]} c1=Q
{[%clk 0:00:36]} 37. Qxc1 {[%clk 0:19:35]} Bxc1 {[%clk 0:01:01]} 38. Kxd4
{[%clk 0:20:01]} Bxa3 {[%clk 0:01:17]} 39. h4 {[%clk 0:18:53]} Kf6
{[%clk 0:01:22]} 40. Bd1 {[%clk 0:18:27]} Be7 {[%clk 0:00:36]} 41. Ke4
{[%clk 0:18:09]} Kg7 {[%clk 0:14:00]} 42. h5 {[%clk 0:49:05]} gxh5
{[%clk 0:11:15]} 43. gxh5 {[%clk 0:49:27]} Bd6 {[%clk 0:11:37]} 44. Kf3
{[%clk 0:48:46]} Kf6 {[%clk 0:04:31]} 45. Ba4 {[%clk 0:47:33]} Kg5
{[%clk 0:04:16]} 46. Be8 {[%clk 0:47:44]} f5 {[%clk 0:03:56]} 47. Kg2
{[%clk 0:48:03]} e5 {[%clk 0:03:06]} 48. f3 {[%clk 0:48:26]} Kf4 {[%clk 0:03:03]}
49. Bd7 {[%clk 0:48:36]} Bc5 {[%clk 0:03:07]} 50. Bc6 {[%clk 0:48:19]} Bb6
{[%clk 0:03:06]} 51. Bd5 {[%clk 0:48:34]} h6 {[%clk 0:03:03]} 52. Bc6
{[%clk 0:48:58]} Bc5 {[%clk 0:02:04]} 1/2-1/2

[Event "WCO2014"]
[Site "Tromso"]
[Date "2014.08.12"]
[Round "10.42"]
[WhiteID "5100011"]
[White "Hernandez Guerrero Gilberto"]
[BlackID "7103743"]
[Black "Ali Lutfi Muhammad"]
[Result "1-0"]
[LiveChessVersion "1.4.3"]
[BlackElo "2339"]
[WhiteElo "2519"]

1. e4 {[%clk 1:30:45]} c5 {[%clk 1:30:52]} 2. Nf3 {[%clk 1:30:50]} g6
{[%clk 1:31:16]} 3. c3 {[%clk 1:30:42]} d5 {[%clk 1:31:38]} 4. e5
{[%clk 1:30:59]} Nc6 {[%clk 1:28:21]} 5. d4 {[%clk 1:31:19]} Bg7 {[%clk 1:23:10]}
6. Bb5 {[%clk 1:23:01]} Nh6 {[%clk 1:18:12]} 7. O-O {[%clk 1:21:40]} O-O
{[%clk 1:17:23]} 8. h3 {[%clk 1:15:24]} Qb6 {[%clk 1:14:43]} 9. Bxc6
{[%clk 1:11:57]} bxc6 {[%clk 1:12:11]} 10. dxc5 {[%clk 1:11:44]} Qxc5
{[%clk 1:08:10]} 11. Be3 {[%clk 1:03:27]} Qb5 {[%clk 0:59:36]} 12. Qd2
{[%clk 1:01:16]} Nf5 {[%clk 0:59:54]} 13. Na3 {[%clk 1:01:27]} Qb7
{[%clk 0:53:13]} 14. Bf4 {[%clk 1:00:04]} f6 {[%clk 0:36:12]} 15. Rfe1
{[%clk 0:56:06]} fxe5 {[%clk 0:35:34]} 16. Bxe5 {[%clk 0:54:36]} Bh6
{[%clk 0:35:35]} 17. Qe2 {[%clk 0:52:41]} Nd6 {[%clk 0:31:51]} 18. c4
{[%clk 0:50:13]} Bf5 {[%clk 0:27:31]} 19. Rad1 {[%clk 0:37:43]} Rad8
{[%clk 0:19:32]} 20. cxd5 {[%clk 0:29:08]} cxd5 {[%clk 0:19:57]} 21. Nd4
{[%clk 0:29:28]} Bd7 {[%clk 0:17:40]} 22. Nb3 {[%clk 0:22:19]} Nf7
{[%clk 0:17:40]} 23. Nc5 {[%clk 0:22:19]} Qc6 {[%clk 0:17:18]} 24. b4
{[%clk 0:17:05]} Bf5 {[%clk 0:16:43]} 25. Nb5 Nxe5 {[%clk 0:13:45]} 26. Nd4
{[%clk 0:15:26]} Qb6 {[%clk 0:10:26]} 27. Qxe5 {[%clk 0:15:48]} Rf7
{[%clk 0:01:06]} 28. Nxf5 {[%clk 0:12:10]} Rxf5 {[%clk 0:01:31]} 29. Qxe7
{[%clk 0:12:10]} Bf8 {[%clk 0:01:53]} 30. Qe6+ {[%clk 0:12:13]} Rf7
{[%clk 0:02:10]} 31. Nd3 {[%clk 0:09:55]} Qxe6 {[%clk 0:01:31]} 32. Rxe6
{[%clk 0:10:18]} Rb7 {[%clk 0:01:57]} 33. a3 {[%clk 0:10:19]} Rd6
{[%clk 0:01:48]} 34. Nc5 {[%clk 0:07:27]} Rxe6 {[%clk 0:01:08]} 35. Nxe6
{[%clk 0:07:51]} Rd7 {[%clk 0:01:05]} 36. Kf1 {[%clk 0:07:34]} Be7
{[%clk 0:01:06]} 37. Nf4 {[%clk 0:06:55]} d4 {[%clk 0:01:14]} 38. Ke2
{[%clk 0:06:42]} Kf7 {[%clk 0:01:33]} 39. Kd3 {[%clk 0:05:08]} a5
{[%clk 0:00:56]} 40. Rb1 {[%clk 0:04:35]} Rb7 {[%clk 0:00:41]} 41. Kc4
{[%clk 0:04:10]} Rc7+ {[%clk 0:20:59]} 42. Kxd4 {[%clk 0:34:54]} Rc2
{[%clk 0:20:24]} 43. Nd3 {[%clk 0:29:53]} Bf6+ {[%clk 0:17:24]} 44. Ke3
{[%clk 0:24:17]} Bg5+ {[%clk 0:17:47]} 45. Ke4 {[%clk 0:23:17]} Ke6
{[%clk 0:16:14]} 46. Nc5+ {[%clk 0:20:26]} Kd6 {[%clk 0:16:35]} 47. Kd3
{[%clk 0:20:05]} Rd2+ {[%clk 0:16:29]} 48. Kc4 {[%clk 0:20:12]} Rc2+
{[%clk 0:15:40]} 49. Kb3 {[%clk 0:19:01]} Re2 {[%clk 0:15:54]} 50. Rb2
{[%clk 0:19:10]} Re7 {[%clk 0:14:22]} 51. Kc4 {[%clk 0:19:22]} Bc1
{[%clk 0:13:06]} 52. Ra2 {[%clk 0:19:16]} Kc6 {[%clk 0:12:24]} 53. Nb3
{[%clk 0:19:10]} Kb6 {[%clk 0:11:25]} 54. Nxa5 {[%clk 0:19:00]} Bh6
{[%clk 0:06:48]} 55. Kb3 {[%clk 0:18:53]} Rd7 {[%clk 0:07:05]} 56. Rc2
{[%clk 0:18:29]} Bg7 {[%clk 0:06:27]} 57. Rd2 {[%clk 0:17:30]} Re7
{[%clk 0:06:24]} 58. Nc4+ {[%clk 0:17:47]} Kc7 {[%clk 0:06:47]} 59. Ne3
{[%clk 0:17:26]} Kb7 {[%clk 0:06:57]} 60. a4 {[%clk 0:17:34]} Bh6
{[%clk 0:07:04]} 61. Rd3 {[%clk 0:17:48]} Rf7 {[%clk 0:07:29]} 62. f3
{[%clk 0:16:13]} Re7 {[%clk 0:07:25]} 63. Nc4 {[%clk 0:16:37]} Kc7
{[%clk 0:07:29]} 64. a5 {[%clk 0:16:21]} Re1 {[%clk 0:07:32]} 65. Nb6
{[%clk 0:15:20]} Kc6 {[%clk 0:07:39]} 66. Kc4 {[%clk 0:10:54]} Rc1+
{[%clk 0:08:02]} 67. Rc3 {[%clk 0:11:18]} Rb1 {[%clk 0:08:17]} 68. Nd5
{[%clk 0:11:29]} Bg7 {[%clk 0:07:17]} 69. Rc2 {[%clk 0:11:40]} Rd1
{[%clk 0:07:12]} 70. b5+ {[%clk 0:11:53]} Kd6 {[%clk 0:07:20]} 71. Nb4
{[%clk 0:11:53]} Ra1 {[%clk 0:07:02]} 72. Rd2+ {[%clk 0:11:13]} 1-0

[Event "WCO2014"]
[Site "Tromso"]
[Date "2014.08.12"]
[Round "10.9"]
[WhiteID "8600694"]
[White "Zhang Zhong"]
[BlackID "3800024"]
[Black "Granda Zuniga Julio E"]
[Result "0-1"]
[LiveChessVersion "1.4.3"]
[BlackElo "2663"]
[WhiteElo "2611"]

1. e4 {[%clk 1:30:37]} c5 {[%clk 1:30:33]} 2. Nf3 {[%clk 1:31:02]} d6
{[%clk 1:31:00]} 3. d4 {[%clk 1:24:55]} cxd4 {[%clk 1:30:18]} 4. Qxd4
{[%clk 1:25:14]} Nc6 {[%clk 1:26:31]} 5. Bb5 {[%clk 1:22:50]} e6 {[%clk 1:19:22]}
6. O-O {[%clk 1:19:15]} Nge7 {[%clk 1:17:59]} 7. c4 {[%clk 1:06:15]} a6
{[%clk 1:16:39]} 8. Bxc6+ {[%clk 1:06:41]} Nxc6 {[%clk 1:16:59]} 9. Qc3
{[%clk 1:04:23]} Bd7 {[%clk 1:12:48]} 10. Bf4 {[%clk 0:57:57]} e5
{[%clk 0:33:11]} 11. Be3 {[%clk 0:54:59]} Be7 {[%clk 0:29:01]} 12. Qd3
{[%clk 0:52:22]} O-O {[%clk 0:27:30]} 13. Nc3 {[%clk 0:52:44]} f5
{[%clk 0:23:28]} 14. exf5 {[%clk 0:38:06]} Bxf5 {[%clk 0:23:50]} 15. Qd2
{[%clk 0:38:27]} Qe8 {[%clk 0:18:47]} 16. Ne1 {[%clk 0:34:47]} Qg6
{[%clk 0:18:03]} 17. Rd1 {[%clk 0:35:07]} Rae8 {[%clk 0:16:51]} 18. f3
{[%clk 0:32:22]} h5 {[%clk 0:15:04]} 19. Nd5 {[%clk 0:30:43]} Bd8
{[%clk 0:15:16]} 20. Nd3 {[%clk 0:25:33]} h4 {[%clk 0:11:18]} 21. Nf2
{[%clk 0:25:16]} Re6 {[%clk 0:10:47]} 22. b4 {[%clk 0:20:57]} Qe8
{[%clk 0:04:28]} 23. Ne4 {[%clk 0:16:58]} h3 {[%clk 0:03:56]} 24. g3
{[%clk 0:16:56]} Nd4 {[%clk 0:03:58]} 25. Qd3 {[%clk 0:12:29]} b5
{[%clk 0:02:18]} 26. cxb5 {[%clk 0:11:57]} axb5 {[%clk 0:02:00]} 27. Rc1
{[%clk 0:07:18]} Bg6 {[%clk 0:02:20]} 28. Bxd4 {[%clk 0:03:58]} exd4
{[%clk 0:02:49]} 29. Rce1 {[%clk 0:02:15]} Re5 {[%clk 0:02:43]} 30. Nf4
{[%clk 0:01:03]} d5 {[%clk 0:02:22]} 31. Nxg6 {[%clk 0:00:45]} Qxg6
{[%clk 0:02:42]} 32. Nc5 {[%clk 0:00:56]} Qxd3 {[%clk 0:03:01]} 33. Nxd3
{[%clk 0:01:25]} Rxe1 {[%clk 0:03:18]} 34. Nxe1 {[%clk 0:00:43]} Re8
{[%clk 0:03:31]} 35. Nd3 {[%clk 0:00:41]} Re3 {[%clk 0:03:13]} 36. Nf4
{[%clk 0:00:55]} d3 {[%clk 0:03:27]} 37. Rd1 {[%clk 0:00:34]} Bb6
{[%clk 0:03:04]} 38. Kf1 {[%clk 0:00:44]} Rxf3+ {[%clk 0:03:26]} 39. Ke1
{[%clk 0:01:13]} Bf2+ {[%clk 0:03:31]} 40. Kd2 {[%clk 0:01:39]} Be3+
{[%clk 0:03:55]} 41. Kc3 {[%clk 0:02:03]} d4+ {[%clk 0:00:36]} 42. Kb3
{[%clk 0:28:33]} Bxf4 {[%clk 0:24:57]} 43. gxf4 {[%clk 0:29:01]} Kf7
{[%clk 0:25:20]} 44. a4 {[%clk 0:27:20]} d2+ {[%clk 0:23:59]} 45. Ka2
{[%clk 0:27:35]} bxa4 {[%clk 0:21:31]} 46. Rxd2 {[%clk 0:28:00]} Rxf4
{[%clk 0:21:49]} 47. Ka3 {[%clk 0:22:44]} Ke6 {[%clk 0:19:12]} 48. b5
{[%clk 0:13:06]} Kd5 {[%clk 0:18:30]} 49. Rb2 {[%clk 0:10:33]} Kc5
{[%clk 0:06:25]} 50. Kxa4 {[%clk 0:03:50]} d3+ {[%clk 0:06:52]} 51. Ka5
{[%clk 0:04:17]} Rd4 {[%clk 0:03:51]} 52. Rd2 {[%clk 0:03:23]} Rd8
{[%clk 0:02:43]} 53. Ka6 {[%clk 0:03:46]} Kc4 {[%clk 0:01:55]} 0-1

[Event "WCO2014"]
[Site "Tromso"]
[Date "2014.08.12"]
[Round "10.12"]
[WhiteID "3801969"]
[White "Cruz Cristhian"]
[BlackID "5804418"]
[Black "Tin Jingyao"]
[Result "1-0"]
[LiveChessVersion "1.4.3"]
[BlackElo "2251"]
[WhiteElo "2553"]

1. d4 {[%clk 1:30:57]} Nf6 {[%clk 1:30:54]} 2. c4 {[%clk 1:31:20]} e6
{[%clk 1:31:08]} 3. Nc3 {[%clk 1:31:20]} Bb4 {[%clk 1:31:26]} 4. e3
{[%clk 1:31:33]} O-O {[%clk 1:31:44]} 5. Nge2 {[%clk 1:31:22]} d5
{[%clk 1:31:05]} 6. a3 {[%clk 1:31:42]} Be7 {[%clk 1:31:17]} 7. cxd5
{[%clk 1:31:46]} exd5 {[%clk 1:31:22]} 8. Ng3 {[%clk 1:31:28]} Re8
{[%clk 1:29:35]} 9. Bd3 {[%clk 1:31:45]} b6 {[%clk 1:27:58]} 10. O-O
{[%clk 1:32:02]} Bb7 {[%clk 1:27:49]} 11. b4 {[%clk 1:29:41]} c6 {[%clk 1:25:24]}
12. Bb2 {[%clk 1:29:42]} Nbd7 {[%clk 1:23:28]} 13. Rc1 {[%clk 1:29:32]} Bf8
{[%clk 1:19:24]} 14. Re1 {[%clk 1:28:52]} g6 {[%clk 1:07:53]} 15. Rc2
{[%clk 1:14:04]} Bg7 {[%clk 1:05:10]} 16. Rce2 {[%clk 1:12:35]} Nf8
{[%clk 1:02:28]} 17. Bb1 {[%clk 0:52:08]} Ne6 {[%clk 0:56:05]} 18. Rd2
{[%clk 0:49:50]} Qc7 {[%clk 0:49:43]} 19. Ba2 {[%clk 0:48:40]} Rad8
{[%clk 0:48:32]} 20. a4 {[%clk 0:43:05]} h5 {[%clk 0:42:41]} 21. h3
{[%clk 0:33:34]} Ng5 {[%clk 0:39:04]} 22. b5 {[%clk 0:32:09]} Qd7
{[%clk 0:32:58]} 23. bxc6 {[%clk 0:31:33]} Bxc6 {[%clk 0:32:55]} 24. f3
{[%clk 0:30:57]} h4 {[%clk 0:30:12]} 25. Nf1 {[%clk 0:31:21]} Nh5
{[%clk 0:29:24]} 26. Bb3 {[%clk 0:25:46]} Bf6 {[%clk 0:18:38]} 27. Bc2
{[%clk 0:23:48]} Ng3 {[%clk 0:15:40]} 28. Nxg3 {[%clk 0:23:32]} hxg3
{[%clk 0:16:08]} 29. f4 {[%clk 0:13:26]} Ne4 {[%clk 0:15:27]} 30. Bxe4
{[%clk 0:13:28]} dxe4 {[%clk 0:15:55]} 31. d5 {[%clk 0:13:34]} Bb7
{[%clk 0:15:18]} 32. Qa1 {[%clk 0:13:10]} Ba6 {[%clk 0:09:51]} 33. d6
{[%clk 0:11:29]} Bxc3 {[%clk 0:07:26]} 34. Bxc3 {[%clk 0:11:56]} Bd3
{[%clk 0:07:46]} 35. Bh8 {[%clk 0:11:19]} f5 {[%clk 0:08:11]} 36. Be5
{[%clk 0:11:14]} Rc8 {[%clk 0:07:33]} 37. Rc1 {[%clk 0:09:29]} Rxc1+
{[%clk 0:06:12]} 38. Qxc1 {[%clk 0:09:58]} Re6 {[%clk 0:00:41]} 39. Qe1
{[%clk 0:09:17]} Rxd6 {[%clk 0:01:01]} 40. Bxd6 {[%clk 0:06:55]} Qxd6
{[%clk 0:01:30]} 41. Qxg3 {[%clk 0:07:15]} Kf7 {[%clk 0:00:36]} 42. Rd1
{[%clk 0:05:43]} Qa3 {[%clk 0:30:01]} 43. Qe1 {[%clk 0:36:12]} Qxa4
{[%clk 0:28:06]} 44. Rc1 {[%clk 0:36:07]} b5 {[%clk 0:25:12]} 45. Rc7+
{[%clk 0:35:20]} Ke6 {[%clk 0:25:11]} 46. Qc3 {[%clk 0:35:38]} Qd1+
{[%clk 0:25:11]} 47. Kh2 {[%clk 0:36:02]} 1-0

[Event "WCO2014"]
[Site "Tromso"]
[Date "2014.08.12"]
[Round "10.33"]
[WhiteID "7001886"]
[White "Mitsuya Naoto"]
[BlackID "2401878"]
[Black "Tate Alan"]
[Result "0-1"]
[LiveChessVersion "1.4.3"]
[BlackElo "2347"]
[WhiteElo "2024"]

1. d4 {[%clk 1:30:52]} Nf6 {[%clk 1:30:48]} 2. c4 {[%clk 1:31:13]} e6
{[%clk 1:31:10]} 3. Nc3 {[%clk 1:31:34]} Bb4 {[%clk 1:31:31]} 4. e3
{[%clk 1:31:55]} b6 {[%clk 1:31:45]} 5. Nge2 {[%clk 1:31:19]} Ba6
{[%clk 1:31:48]} 6. Ng3 {[%clk 1:28:44]} O-O {[%clk 1:31:43]} 7. a3
{[%clk 1:20:20]} Bxc3+ {[%clk 1:31:00]} 8. bxc3 {[%clk 1:20:43]} d5
{[%clk 1:29:46]} 9. cxd5 {[%clk 1:12:59]} Bxf1 {[%clk 1:29:44]} 10. Nxf1
{[%clk 1:11:23]} exd5 {[%clk 1:26:21]} 11. Nd2 {[%clk 1:09:26]} c5
{[%clk 1:25:47]} 12. O-O {[%clk 1:09:14]} Nc6 {[%clk 1:24:38]} 13. a4
{[%clk 1:05:14]} Qc7 {[%clk 1:17:00]} 14. Ba3 {[%clk 1:03:05]} Na5
{[%clk 1:16:44]} 15. Rc1 {[%clk 0:56:14]} Rfe8 {[%clk 1:10:27]} 16. Re1
{[%clk 0:49:00]} Rad8 {[%clk 0:58:49]} 17. h3 {[%clk 0:47:36]} Ne4
{[%clk 0:48:54]} 18. Nxe4 {[%clk 0:43:13]} dxe4 {[%clk 0:49:18]} 19. Qe2
{[%clk 0:41:01]} c4 {[%clk 0:49:04]} 20. Bb4 {[%clk 0:38:50]} Nb3
{[%clk 0:49:06]} 21. Rc2 {[%clk 0:36:25]} a5 {[%clk 0:48:02]} 22. Ba3
{[%clk 0:36:30]} Qc6 {[%clk 0:48:22]} 23. Ra2 {[%clk 0:35:56]} Rd5
{[%clk 0:48:04]} 24. Bc1 {[%clk 0:33:06]} Rf5 {[%clk 0:46:02]} 25. Bd2
{[%clk 0:28:17]} Re6 {[%clk 0:45:36]} 26. Kh1 {[%clk 0:24:06]} Rg6
{[%clk 0:43:09]} 27. Rf1 {[%clk 0:21:57]} Rfg5 {[%clk 0:39:38]} 28. Rg1
{[%clk 0:18:36]} Qd5 {[%clk 0:37:05]} 29. g3 {[%clk 0:15:04]} f5 {[%clk 0:33:09]}
30. Kh2 {[%clk 0:14:17]} h5 {[%clk 0:32:34]} 31. h4 {[%clk 0:13:43]} Rg4
{[%clk 0:32:59]} 32. Rb2 {[%clk 0:12:59]} Kh7 {[%clk 0:31:19]} 33. Rg2
{[%clk 0:11:16]} Qc6 {[%clk 0:29:30]} 34. Ra2 {[%clk 0:11:27]} Qc7
{[%clk 0:27:46]} 35. Kg1 {[%clk 0:10:27]} Qc6 {[%clk 0:26:29]} 36. Kh2
{[%clk 0:09:55]} Rh6 {[%clk 0:26:16]} 37. Kg1 {[%clk 0:07:54]} g5
{[%clk 0:25:59]} 38. Rh2 {[%clk 0:06:39]} gxh4 {[%clk 0:23:49]} 39. Rxh4
{[%clk 0:06:56]} Rxh4 {[%clk 0:23:55]} 40. gxh4 {[%clk 0:07:24]} Rg6+
{[%clk 0:23:36]} 41. Kf1 {[%clk 0:07:19]} Rg4 {[%clk 0:23:58]} 42. f4
{[%clk 0:05:08]} exf3 {[%clk 0:23:01]} 43. Qh2 {[%clk 0:05:07]} Qe4
{[%clk 0:21:57]} 44. Rb2 {[%clk 0:04:28]} Qd3+ {[%clk 0:21:38]} 45. Ke1
{[%clk 0:04:41]} Rg1+ {[%clk 0:21:57]} 0-1